| 000 | 02587cam a22004454i 4500 | ||
|---|---|---|---|
| 003 | PE-LiUPU | ||
| 005 | 20250731165429.0 | ||
| 008 | 160212s1995 pe grm 000 0 spa d | ||
| 035 | _a(Sirsi) a156111 | ||
| 040 |
_aPE-LiUPU _bspa _cPE-LiUPU _erda |
||
| 099 |
_aIE 2 _bC74 1995 |
||
| 100 | 1 |
_aContreras Lagos, Carmen Dina _eautor |
|
| 245 | 1 |
_aManual de laboratorio para escolares del Nivel Secundario / _cCarmen Dina Contreras Lagos. |
|
| 264 | 0 | _c1995. | |
| 300 |
_a55 hojas _c30 cm |
||
| 336 |
_atext _2rdacontent |
||
| 337 |
_aunmediated _2rdamedia |
||
| 338 |
_avolume _2rdacarrier |
||
| 502 |
_aTesis _b(Lic.) -- _cUniversidad Peruana Unión, _d1995. |
||
| 504 | _aIncluye referencias | ||
| 520 | 3 | _aEl presente cuaderno de Ciencias Naturales para el 2º grado de Educación Secundaria ha sido preparado con la finalidad de ayudar en el proceso Enseñanza - Aprendizaje al binomio maestro alumno. Las actividades que en él se presentan han sido elaboradas tomando en cuenta lo siguiente. - Las prácticas se han diseñado de manera que plantean al alumno situaciones y se formulen una serie de interrogantes que le obliguen tanto analizar los resultados, como investigar más sobre el tema tratado. - Los estudiantes que utilicen este material auxiliar, han de tener buen aprendizaje, pues todo lo que va ha formar parte de su cultura científica, lo han de adquirir por su propios medios, investigando en su texto de consulta, realizando las practicas programadas observando e interpretando los fenómenos de la naturaleza, desarrollando las interrogantes, trabajando los esquemas y resolviendo los problemas que contiene el cuaderno, siguiendo las instrucciones bajo la orientación del profesor. - Las prácticas han sido preparadas teniendo en cuenta el material barato y accesible en el medio donde se encuentra el alumno, para adquirirlo. - Al final de cada practica se incluyen las preguntas y los problemas necesarios que el alumno debe resolver, para su autoevaluación correspondiente. | |
| 526 | _aSEG44 | ||
| 526 | _aSEG26 | ||
| 526 | _aP151 | ||
| 526 | _aP150 | ||
| 526 | _aP149 | ||
| 526 | _aP146 | ||
| 526 | _aP145 | ||
| 526 | _aP126 | ||
| 526 | _aP125 | ||
| 526 | _aP92 | ||
| 526 | _aP75 | ||
| 526 | _aP74 | ||
| 526 | _aP27 | ||
| 526 | _aP15 | ||
| 650 | 0 | 4 |
_aLaboratorios _xEducación Secundaria _xManuales,Guías, etc. |
| 596 | _a1 | ||
| 942 |
_2ddc _cTESIS |
||
| 999 |
_aIE 2 C74 1995 _wALPHANUM _c8794 _iT00531 _lCCODEBUL3 _mBUL _r1 _sY _tTESIS _u2016-2-12 _xEDUCACION _zUNKNOWN _o.STAFF. Tesis _d8794 |
||
| 980 |
_81 _gALBERTO SANCHEZ Responsable de Automatización |
||